[Event "Mistrzostwa Polski Niewidomych"]
[Site "Jastrzebia Gora"]
[Date "2009.06.06"]
[Round "5.4"]
[White "Dukaczewski, Piotr"]
[Black "Zoltek, Tadeusz"]
[Result "1/2-1/2"]
[WhiteElo "2347"]
[BlackElo "2227"]
[PlyCount "107"]
[EventDate "2009.??.??"]

1. e4 e6 2. d4 d5 3. Nd2 Nf6 4. e5 Nfd7 5. f4 c5 6. c3 Nc6 7. Ndf3 cxd4 8. cxd4
Bb4+ 9. Kf2 Qb6 10. Be3 f6 11. g3 O-O 12. Bh3 fxe5 13. fxe5 Ndxe5 14. dxe5 Bc5
15. Bxc5 Qxc5+ 16. Kg2 Nxe5 17. Qe2 Nc4 18. Re1 e5 19. Bxc8 Raxc8 20. b3 e4 21.
bxc4 exf3+ 22. Nxf3 dxc4 23. Qe6+ Kh8 24. Ne5 Rf6 25. Qd7 Rcf8 26. Re2 Rf2+ 27.
Rxf2 Qxf2+ 28. Kh3 b5 29. Qe6 Qf5+ 30. Qxf5 Rxf5 31. Rd1 h6 32. Nc6 a6 33. Kg4
Rc5 34. Nd4 c3 35. Kf3 b4 36. Ke4 Ra5 37. Ra1 Rh5 38. h4 g5 39. hxg5 Rxg5 40.
Kf4 Rd5 41. Nb3 a5 42. a4 bxa3 43. Rxa3 c2 44. Ra2 Rd3 45. Nc1 Rd2 46. Kf5 Kg7
47. Rb2 Rf2+ 48. Kg4 a4 49. Rb7+ Rf7 50. Rb2 Rf2 51. Ra2 a3 52. Kh3 Rd2 53. g4
Kf6 54. Kg3 1/2-1/2

[Event "Mistrzostwa Polski Niewidomych"]
[Site "Jastrzebia Gora"]
[Date "2009.06.06"]
[Round "5.5"]
[White "Wolanski, Michal"]
[Black "Stachanczyk, Jacek"]
[Result "0-1"]
[WhiteElo "1944"]
[BlackElo "2162"]
[PlyCount "120"]
[EventDate "2009.??.??"]

1. c4 c5 2. Nf3 Nc6 3. Nc3 g6 4. g3 Bg7 5. Bg2 Nf6 6. O-O O-O 7. Rb1 d5 8. cxd5
Nxd5 9. Ne4 b6 10. d3 Bb7 11. a3 Qd7 12. Bd2 Rad8 13. Nc3 Nc7 14. Qc1 e5 15.
Bg5 Rde8 16. Bh6 Ne6 17. Bxg7 Kxg7 18. Re1 Ned4 19. Ng5 h6 20. Nge4 Ne7 21. Nd6
Qxd6 22. Bxb7 Nec6 23. Ba6 Qe6 24. Bc4 Qg4 25. Bd5 f5 26. Kg2 Ne7 27. h3 Qh5
28. e3 Nxd5 29. exd4 Nxc3 30. bxc3 e4 31. dxc5 Qf3+ 32. Kg1 Qxd3 33. cxb6 axb6
34. Rxb6 Rf7 35. Rd1 Qf3 36. Rdd6 e3 37. Rxg6+ Kf8 38. fxe3 Rd8 39. Qf1 Rd1 40.
Rb8+ Ke7 41. Rb7+ Ke8 42. Rg8+ Rf8 43. Rb8+ Ke7 44. Rb7+ Ke8 45. Rxf8+ Kxf8 46.
Qxd1 Qxd1+ 47. Kf2 Qd2+ 48. Kf1 Qh2 49. Rb4 Qxg3 50. Ke2 Qxh3 51. a4 Qg2+ 52.
Kd3 h5 53. a5 Kf7 54. Rf4 Kg6 55. Kd4 Qd2+ 56. Kc4 Qxe3 57. Rd4 Kg5 58. a6 Qe2+
59. Rd3 Qa2+ 60. Kb5 Qb1+ 0-1

[Event "Mistrzostwa Polski Niewidomych"]
[Site "Jastrzebia Gora"]
[Date "2009.06.06"]
[Round "5.6"]
[White "Lipski, Tadeusz"]
[Black "Falkowski, Dawid"]
[Result "1/2-1/2"]
[WhiteElo "2174"]
[BlackElo "2035"]
[PlyCount "85"]
[EventDate "2009.??.??"]

1. d4 d5 2. Nc3 c5 3. e4 dxe4 4. d5 Nf6 5. Bg5 Bg4 6. Qd2 Nbd7 7. h3 Bh5 8. g4
Bg6 9. O-O-O Qb6 10. Nge2 O-O-O 11. Nf4 Ne5 12. Qe3 e6 13. Nxg6 hxg6 14. Be2
Be7 15. Bxf6 Bxf6 16. Qxe4 Rhe8 17. f4 exd5 18. Rxd5 Nc6 19. Rxd8+ Qxd8 20. Qc4
Qd4 21. Nd1 Re4 22. Qxd4 Nxd4 23. Bc4 Rxf4 24. c3 Nc6 25. Bd5 Kc7 26. Kc2 Bh4
27. Rg1 Nd8 28. Rg2 Kd6 29. c4 Nc6 30. a3 Nd4+ 31. Kd3 Rf1 32. Nc3 Rh1 33. Ne4+
Ke5 34. Nxc5 Rxh3+ 35. Kd2 Bg5+ 36. Ke1 Rh1+ 37. Kf2 Bh4+ 38. Ke3 Rh3+ 39. Kd2
Bg5+ 40. Ke1 Rh1+ 41. Kf2 Bh4+ 42. Ke3 Rh3+ 43. Kd2 1/2-1/2

[Event "Mistrzostwa Polski Niewidomych"]
[Site "Jastrzebia Gora"]
[Date "2009.06.07"]
[Round "6.1"]
[White "Suder, Ryszard"]
[Black "Falkowski, Dawid"]
[Result "1-0"]
[WhiteElo "2175"]
[BlackElo "2035"]
[PlyCount "90"]
[EventDate "2009.??.??"]

1. Nf3 d5 2. g3 Nf6 3. Bg2 Nbd7 4. d4 e6 5. O-O Be7 6. c4 O-O 7. cxd5 exd5 8.
Nc3 c6 9. Qc2 Re8 10. Bf4 Nh5 11. Nxd5 Nxf4 12. Nxf4 Nb6 13. e3 Nd5 14. Nxd5
Qxd5 15. Ne5 Qa5 16. a3 Be6 17. Rac1 Rac8 18. Qc3 Qb6 19. Nd3 Bf6 20. Nc5 Rcd8
21. b4 Bf5 22. Rfe1 Rd6 23. Qb3 Bc8 24. d5 cxd5 25. Bxd5 Be6 26. Bxe6 fxe6 27.
Red1 Red8 28. Rxd6 Rxd6 29. Ne4 Rd7 30. Nxf6+ gxf6 31. Qc3 Kf7 32. Qc2 Kg7 33.
h4 Qd6 34. Qe2 Qd5 35. Qg4+ Kf7 36. Rc8 Qd1+ 37. Qxd1 Rxd1+ 38. Kg2 Ra1 39.
Rc7+ Kg6 40. Rc3 Ra2 41. e4 h5 42. Kf3 e5 43. Ke3 b5 44. f4 Kh6 45. fxe5 fxe5
1-0

[Event "Mistrzostwa Polski Niewidomych"]
[Site "Jastrzebia Gora"]
[Date "2009.06.07"]
[Round "6.2"]
[White "Stachanczyk, Jacek"]
[Black "Lipski, Tadeusz"]
[Result "1/2-1/2"]
[WhiteElo "2162"]
[BlackElo "2174"]
[PlyCount "60"]
[EventDate "2009.??.??"]

1. e4 c5 2. Nf3 g6 3. d4 cxd4 4. Nxd4 Bg7 5. Nc3 Nc6 6. Be3 Nf6 7. Nxc6 bxc6 8.
e5 Nd5 9. Nxd5 cxd5 10. Qxd5 Rb8 11. Bc4 O-O 12. O-O Bb7 13. Qd3 Bxe5 14. c3
Bc6 15. Qd2 Qc7 16. f4 Bf6 17. b3 d5 18. Be2 Bb5 19. Rac1 Bxe2 20. Qxe2 e6 21.
Qd3 Qa5 22. Rf2 Rfc8 23. Rfc2 Rb7 24. Bd4 Bxd4+ 25. Qxd4 Rbc7 26. h3 h5 27. Kh2
Qc5 28. Qe5 Rc6 29. Kg3 Kf8 30. Rd1 Ke7 1/2-1/2

[Event "Mistrzostwa Polski Niewidomych"]
[Site "Jastrzebia Gora"]
[Date "2009.06.07"]
[Round "6.3"]
[White "Zoltek, Tadeusz"]
[Black "Wolanski, Michal"]
[Result "1-0"]
[WhiteElo "2227"]
[BlackElo "1944"]
[PlyCount "103"]
[EventDate "2009.??.??"]

1. c4 Nf6 2. Nf3 g6 3. Nc3 c5 4. g3 Bg7 5. Bg2 O-O 6. O-O Nc6 7. d3 d5 8. cxd5
Nxd5 9. Bd2 b6 10. Nxd5 Qxd5 11. Bc3 Bxc3 12. bxc3 Bb7 13. Nd4 Qd7 14. Nxc6
Bxc6 15. c4 e5 16. Bxc6 Qxc6 17. f3 f5 18. a4 Rfd8 19. a5 e4 20. Qa4 Qxa4 21.
Rxa4 exd3 22. exd3 bxa5 23. Rd1 Rac8 24. Rxa5 Rc7 25. Kf2 Kf7 26. Ke3 Rb8 27.
Rd2 Re8+ 28. Kf2 Rb8 29. f4 Rb6 30. Rda2 Rbb7 31. Ke2 Ke8 32. Kd2 Kd8 33. Kc3
Kc8 34. Re2 Kd7 35. Re5 Kd6 36. Rd5+ Ke6 37. Raxc5 Rg7 38. h4 Rg8 39. Rb5 Rc7
40. Re5+ Kf6 41. d4 Rgc8 42. c5 Ra8 43. Ra5 Rb8 44. Ra6+ Kf7 45. c6 Rb1 46. d5
Rc1+ 47. Kd4 h6 48. Re3 g5 49. hxg5 hxg5 50. fxg5 Kg6 51. Rc3 Re1 52. d6 1-0

[Event "Mistrzostwa Polski Niewidomych"]
[Site "Jastrzebia Gora"]
[Date "2009.06.07"]
[Round "6.4"]
[White "Pawelec, Bartosz"]
[Black "Dukaczewski, Piotr"]
[Result "0-1"]
[WhiteElo "2054"]
[BlackElo "2347"]
[PlyCount "56"]
[EventDate "2009.??.??"]

1. e4 c5 2. c3 e5 3. d4 cxd4 4. cxd4 exd4 5. Qxd4 Nc6 6. Qa4 Bc5 7. Nc3 Nf6 8.
Bf4 Qb6 9. Qc2 O-O 10. Nf3 d5 11. Na4 Bxf2+ 12. Qxf2 Qb4+ 13. Nc3 Nxe4 14. a3
Nxf2 15. axb4 Nxh1 16. Nxd5 Be6 17. Ne3 Rfd8 18. Bb5 Nd4 19. Nxd4 Rxd4 20. g3
Rxb4 21. Be2 Rxb2 22. Nd1 Rb3 23. Ra5 b6 24. Re5 Rd8 25. Re3 Rb1 26. Bd3 Rxd1+
27. Kxd1 Nf2+ 28. Ke2 Nxd3 0-1

[Event "Mistrzostwa Polski Niewidomych"]
[Site "Jastrzebia Gora"]
[Date "2009.06.07"]
[Round "6.5"]
[White "Gunajew, Rafal"]
[Black "Kulpinski, Piotr"]
[Result "1-0"]
[WhiteElo "2245"]
[BlackElo "1954"]
[PlyCount "81"]
[EventDate "2009.??.??"]

1. e4 c5 2. Nf3 d6 3. d4 cxd4 4. Nxd4 Nf6 5. Nc3 a6 6. Be2 e5 7. Nb3 Be6 8. O-O
Be7 9. Kh1 O-O 10. f4 Qc7 11. f5 Bc4 12. Bg5 Nbd7 13. Nd2 b5 14. a3 Nb6 15.
Bxf6 Bxf6 16. Rf3 Rad8 17. Nxc4 bxc4 18. Nd5 Nxd5 19. Qxd5 Rb8 20. Rb1 Rfc8 21.
Rc3 Rb5 22. Qxc4 Rc5 23. Qxa6 Rxc3 24. bxc3 Qxc3 25. Bd3 d5 26. exd5 Rd8 27.
Be4 Be7 28. a4 Rd6 29. Qa8+ Bf8 30. h3 Rh6 31. Bd3 e4 32. Rb8 Qa1+ 33. Kh2
Rxh3+ 34. Kxh3 Qh1+ 35. Kg3 Qe1+ 36. Kf4 g5+ 37. fxg6 Qd2+ 38. Kxe4 Qe1+ 39.
Kd4 Qf2+ 40. Kc3 Qc5+ 41. Kb2 1-0

[Event "Mistrzostwa Polski Niewidomych"]
[Site "Jastrzebia Gora"]
[Date "2009.06.07"]
[Round "6.6"]
[White "Staruch, Roman"]
[Black "Ruszczycki, Jacek"]
[Result "1/2-1/2"]
[WhiteElo "1991"]
[BlackElo "2043"]
[PlyCount "61"]
[EventDate "2009.??.??"]

1. e4 e6 2. d4 d5 3. exd5 exd5 4. Bd3 Nc6 5. c3 Bd6 6. h3 Qe7+ 7. Qe2 Qxe2+ 8.
Nxe2 h6 9. O-O Bd7 10. Bf4 Bxf4 11. Nxf4 Nge7 12. Nd2 O-O 13. Nf3 Rad8 14. Rfe1
Rfe8 15. Re2 Kf8 16. Rae1 Nb8 17. Ne5 Bf5 18. Bxf5 Nxf5 19. Kf1 c6 20. Nfd3 Nd6
21. Nc5 b6 22. Ncd3 f6 23. Ng6+ Kf7 24. Rxe8 Rxe8 25. Rxe8 Nxe8 26. Ngf4 Nd6
27. f3 Nd7 28. Kf2 g5 29. Ne2 Ke6 30. b3 h5 31. g3 1/2-1/2

[Event "Mistrzostwa Polski Niewidomych"]
[Site "Jastrzebia Gora"]
[Date "2009.06.08"]
[Round "7.1"]
[White "Ruszczycki, Jacek"]
[Black "Suder, Ryszard"]
[Result "1/2-1/2"]
[WhiteElo "2043"]
[BlackElo "2175"]
[PlyCount "58"]
[EventDate "2009.??.??"]

1. e4 Nf6 2. e5 Nd5 3. c4 Nb6 4. d4 d6 5. f4 Bf5 6. Bd3 Bxd3 7. Qxd3 dxe5 8.
fxe5 e6 9. Nf3 c5 10. O-O Be7 11. Nc3 cxd4 12. Ne4 h6 13. c5 N6d7 14. Qxd4 Nc6
15. Qc3 Qa5 16. Qxa5 Nxa5 17. Nd6+ Bxd6 18. exd6 Nc6 19. Be3 b6 20. Rac1 bxc5
21. Bxc5 f6 22. Ba3 Nde5 23. Nxe5 Nxe5 24. Rc7 O-O 25. Rfc1 Rfd8 26. Re7 Re8
27. Rec7 Red8 28. Re7 Re8 29. Rec7 Red8 1/2-1/2

[Event "Mistrzostwa Polski Niewidomych"]
[Site "Jastrzebia Gora"]
[Date "2009.06.08"]
[Round "7.2"]
[White "Kulpinski, Piotr"]
[Black "Staruch, Roman"]
[Result "0-1"]
[WhiteElo "1954"]
[BlackElo "1991"]
[PlyCount "78"]
[EventDate "2009.??.??"]

1. e4 d5 2. d4 dxe4 3. Nc3 Nf6 4. Bg5 Bf5 5. f3 e3 6. Bc4 Nc6 7. Nge2 Nb4 8.
Bb3 Nbd5 9. g4 Be6 10. Qd3 c6 11. Bxf6 gxf6 12. Nxd5 Bxd5 13. Qxe3 h5 14. c4
Be6 15. gxh5 Rxh5 16. h4 Qa5+ 17. Kf2 O-O-O 18. Ng3 Rh8 19. Rad1 Bh6 20. Qe2
Qc7 21. Ne4 Rhg8 22. d5 Bf5 23. dxc6 Rxd1 24. cxb7+ Kb8 25. Bxd1 Bxe4 26. fxe4
Qg3+ 27. Kf1 Rd8 28. Qf3 Qe5 29. Rg1 Qd4 30. Be2 Qxb2 31. Qg3+ e5 32. Qb3 Qc1+
33. Kf2 Qf4+ 34. Qf3 Qxh4+ 35. Kf1 Bd2 36. Rh1 Qe1+ 37. Kg2 Rg8+ 38. Kh3 Rh8+
39. Kg4 Rxh1 0-1

[Event "Mistrzostwa Polski Niewidomych"]
[Site "Jastrzebia Gora"]
[Date "2009.06.08"]
[Round "7.3"]
[White "Dukaczewski, Piotr"]
[Black "Gunajew, Rafal"]
[Result "0-1"]
[WhiteElo "2347"]
[BlackElo "2245"]
[PlyCount "132"]
[EventDate "2009.??.??"]

1. e4 c5 2. Nf3 d6 3. d4 cxd4 4. Nxd4 Nf6 5. f3 e5 6. Nb3 Nc6 7. c4 Nxe4 8.
fxe4 Qh4+ 9. Kd2 Qxe4 10. Qf3 Qg6 11. Qg3 Qf6 12. Nc3 g6 13. Nd5 Qd8 14. h4 f5
15. Qg5 Be6 16. Qxd8+ Kxd8 17. Nc3 e4 18. Kd1 Bg7 19. Bf4 Kd7 20. Ke1 Ne5 21.
Rd1 b6 22. Nb5 Nxc4 23. Bxc4 Bxc4 24. Rxd6+ Ke7 25. Bg5+ Kf8 26. Nc3 Be5 27.
Rd7 h6 28. Be3 Ke8 29. Rd1 Rh7 30. Bd4 Bg3+ 31. Bf2 Be5 32. Bd4 Bg3+ 33. Bf2
Be5 34. Nd4 Rd8 35. g4 Rhd7 36. gxf5 gxf5 37. b3 Bd3 38. Kd2 Bxd4 39. Bxd4 Rxd4
40. Ke3 R4d7 41. Rhg1 Kf7 42. Kf4 Rc8 43. Nb1 Rc2 44. Rd2 Rxd2 45. Nxd2 Be2 46.
Nb1 Bg4 47. Rc1 Rd3 48. Rc7+ Kg6 49. Nc3 e3 50. Rc6+ Kh5 51. b4 e2 52. Nxe2
Bxe2 53. Kxf5 Ra3 54. Kf6 Rxa2 55. Kg7 Kxh4 56. Rxh6+ Kg5 57. Rh2 Bc4 58. Rh3
b5 59. Kf8 Ra4 60. Ke7 Rxb4 61. Kd6 Rb3 62. Rh7 a5 63. Kc5 a4 64. Ra7 a3 65.
Ra8 Rf3 66. Kd4 a2 0-1

[Event "Mistrzostwa Polski Niewidomych"]
[Site "Jastrzebia Gora"]
[Date "2009.06.08"]
[Round "7.4"]
[White "Wolanski, Michal"]
[Black "Pawelec, Bartosz"]
[Result "1-0"]
[WhiteElo "1944"]
[BlackElo "2054"]
[PlyCount "91"]
[EventDate "2009.??.??"]

1. c4 e5 2. Nc3 f5 3. d4 exd4 4. Qxd4 Nc6 5. Qe3+ Kf7 6. Nf3 Nf6 7. g3 Bd6 8.
Ng5+ Kg8 9. Bg2 h6 10. Nf3 Kh7 11. Nd4 Re8 12. Qd3 Nxd4 13. Qxd4 Qe7 14. Qd3 g6
15. h4 Ne4 16. Qe3 Qf8 17. Nxe4 fxe4 18. h5 Bb4+ 19. Kd1 Qd6+ 20. Kc2 g5 21.
Bxe4+ Kg7 22. b3 Qe6 23. Bb2+ Kf8 24. Qf3+ Ke7 25. Bd5 g4 26. Qd3 Qa6 27. e3 c6
28. Qe4+ Kd8 29. Bf6+ Kc7 30. Qxe8 cxd5 31. Qe5+ d6 32. Qxd5 Bd7 33. Rhd1 Rf8
34. Qd4 Bc5 35. Qc3 Bf5+ 36. Rd3 d5 37. Be5+ Kb6 38. Bf4 Qa3 39. Rad1 Rc8 40.
Qb2 dxc4 41. bxc4+ Qxb2+ 42. Kxb2 Bf8 43. Rd8 Bg7+ 44. Kb3 Rc6 45. R8d6 Kc5 46.
R1d5+ 1-0

[Event "Mistrzostwa Polski Niewidomych"]
[Site "Jastrzebia Gora"]
[Date "2009.06.08"]
[Round "7.5"]
[White "Lipski, Tadeusz"]
[Black "Zoltek, Tadeusz"]
[Result "1/2-1/2"]
[WhiteElo "2174"]
[BlackElo "2227"]
[PlyCount "61"]
[EventDate "2009.??.??"]

1. d4 Nf6 2. Nc3 d5 3. Bg5 Nbd7 4. Nf3 g6 5. e3 Bg7 6. Bd3 O-O 7. O-O c5 8. Ne5
Nxe5 9. dxe5 Ng4 10. Be2 d4 11. Bxg4 dxc3 12. bxc3 Bxe5 13. Qxd8 Rxd8 14. Bxc8
Raxc8 15. Bxe7 Rd7 16. Bg5 f6 17. Bf4 Bxf4 18. exf4 Rd2 19. Rac1 Re8 20. Rfd1
Rxd1+ 21. Rxd1 Re2 22. Kf1 Re7 23. h4 f5 24. Rd5 b6 25. Re5 Rd7 26. Ke2 Kf7 27.
f3 h5 28. g3 Kf6 29. Re8 Re7+ 30. Rxe7 Kxe7 31. a4 1/2-1/2

[Event "Mistrzostwa Polski Niewidomych"]
[Site "Jastrzebia Gora"]
[Date "2009.06.08"]
[Round "7.6"]
[White "Falkowski, Dawid"]
[Black "Stachanczyk, Jacek"]
[Result "0-1"]
[WhiteElo "2035"]
[BlackElo "2162"]
[PlyCount "42"]
[EventDate "2009.??.??"]

1. e4 e5 2. f4 exf4 3. Bc4 d5 4. Bxd5 Nf6 5. Nf3 Nxd5 6. exd5 Bd6 7. d4 O-O 8.
O-O c6 9. Ne5 f6 10. Nc4 g5 11. Nc3 cxd5 12. Nxd5 Nc6 13. Nc3 Bb8 14. d5 Ne5
15. b3 Bg4 16. Qd4 Nxc4 17. bxc4 Be5 18. Qd3 Qa5 19. Bd2 Qc5+ 20. Kh1 Rac8 21.
Rab1 Qxc4 0-1

[Event "Mistrzostwa Polski Niewidomych"]
[Site "Jastrzebia Gora"]
[Date "2009.06.09"]
[Round "8.1"]
[White "Suder, Ryszard"]
[Black "Stachanczyk, Jacek"]
[Result "1/2-1/2"]
[WhiteElo "2175"]
[BlackElo "2162"]
[PlyCount "48"]
[EventDate "2009.??.??"]

1. Nf3 g6 2. g3 Bg7 3. Bg2 Nf6 4. O-O O-O 5. d3 c5 6. Nbd2 Nc6 7. e4 d6 8. a4
Bd7 9. Nc4 Rb8 10. Re1 Qc8 11. Bd2 Bh3 12. Bh1 Re8 13. Bc3 h6 14. Qd2 Qd7 15.
Rad1 e5 16. b3 b6 17. Ne3 Kh7 18. Bb2 Nd4 19. Ra1 Rf8 20. Qd1 Qe6 21. Nd2 Qd7
22. Nf3 Qe6 23. Nd2 Qd7 24. Nf3 Qe6 1/2-1/2

[Event "Mistrzostwa Polski Niewidomych"]
[Site "Jastrzebia Gora"]
[Date "2009.06.09"]
[Round "8.2"]
[White "Zoltek, Tadeusz"]
[Black "Falkowski, Dawid"]
[Result "1/2-1/2"]
[WhiteElo "2227"]
[BlackElo "2035"]
[PlyCount "85"]
[EventDate "2009.??.??"]

1. c4 c6 2. Nf3 Nf6 3. Nc3 d5 4. d4 e6 5. cxd5 exd5 6. Bg5 Bf5 7. Rc1 Nbd7 8.
Nh4 Be6 9. Qc2 h6 10. Bxf6 Nxf6 11. Nf3 Bd6 12. e3 Ne4 13. Bd3 f5 14. a3 Qf6
15. g3 O-O 16. O-O Bf7 17. Ne1 Rae8 18. Be2 g5 19. Bf3 Bg6 20. Bg2 Qe7 21. Nxe4
fxe4 22. f4 Bf5 23. Qe2 Kh7 24. g4 Bd7 25. f5 c5 26. Nc2 c4 27. Qd2 Ba4 28. Rf2
Rc8 29. Nb4 Qf7 30. Na2 Bc6 31. Rcf1 b5 32. Qa5 Qc7 33. Qxc7+ Rxc7 34. Nb4 Bb7
35. Ra1 a5 36. Nc2 Kg7 37. Rff1 Kf6 38. Rfc1 Rfc8 39. Bf1 Ba6 40. Re1 Rc6 41.
Rec1 R6c7 42. Re1 Rc6 43. Rec1 1/2-1/2

[Event "Mistrzostwa Polski Niewidomych"]
[Site "Jastrzebia Gora"]
[Date "2009.06.09"]
[Round "8.3"]
[White "Pawelec, Bartosz"]
[Black "Lipski, Tadeusz"]
[Result "1/2-1/2"]
[WhiteElo "2054"]
[BlackElo "2174"]
[PlyCount "37"]
[EventDate "2009.??.??"]

1. e4 c5 2. c3 Nf6 3. e5 Nd5 4. d4 cxd4 5. Qxd4 e6 6. Nf3 Nc6 7. Qe4 f5 8. exf6
Nxf6 9. Qh4 Be7 10. Bd3 O-O 11. Bg5 h6 12. Bxh6 gxh6 13. Qg3+ Kh8 14. Qg6 Qe8
15. Qxh6+ Kg8 16. Qg5+ Kh8 17. Qh6+ Kg8 18. Qg5+ Kh8 19. Qh6+ 1/2-1/2

[Event "Mistrzostwa Polski Niewidomych"]
[Site "Jastrzebia Gora"]
[Date "2009.06.09"]
[Round "8.4"]
[White "Gunajew, Rafal"]
[Black "Wolanski, Michal"]
[Result "1-0"]
[WhiteElo "2245"]
[BlackElo "1944"]
[PlyCount "95"]
[EventDate "2009.??.??"]

1. e4 c5 2. Nf3 d6 3. d4 cxd4 4. Nxd4 Nf6 5. Nc3 g6 6. f3 Bg7 7. Be3 O-O 8. Qd2
Nc6 9. Bc4 Bd7 10. O-O-O Rc8 11. Bb3 Ne5 12. Kb1 Nc4 13. Bxc4 Rxc4 14. b3 Rc8
15. g4 Qc7 16. Ncb5 Qb6 17. c4 Bxb5 18. Nxb5 Qd8 19. Nxa7 Ra8 20. Nb5 Nd7 21.
f4 Nc5 22. Bxc5 dxc5 23. Qxd8 Rfxd8 24. Rxd8+ Rxd8 25. Kc2 Bh6 26. g5 Bg7 27.
Rd1 Rxd1 28. Kxd1 h6 29. gxh6 Bxh6 30. f5 gxf5 31. exf5 Kg7 32. Nc3 Kf6 33.
Ne4+ Kxf5 34. Nxc5 b6 35. Na4 Be3 36. Ke2 Bg1 37. h3 Ke4 38. Nc3+ Kd4 39. Nd5
e5 40. Nxb6 f5 41. h4 e4 42. Nd5 Bh2 43. a4 Bg3 44. h5 f4 45. a5 f3+ 46. Kf1
Kc5 47. a6 Kc6 48. b4 1-0

[Event "Mistrzostwa Polski Niewidomych"]
[Site "Jastrzebia Gora"]
[Date "2009.06.09"]
[Round "8.5"]
[White "Staruch, Roman"]
[Black "Dukaczewski, Piotr"]
[Result "0-1"]
[WhiteElo "1991"]
[BlackElo "2347"]
[PlyCount "80"]
[EventDate "2009.??.??"]

1. e4 c5 2. Nf3 Nc6 3. c3 d5 4. e5 d4 5. cxd4 cxd4 6. Bb5 Bd7 7. O-O Qb6 8. Qa4
O-O-O 9. Na3 a6 10. Bxc6 Bxc6 11. Qc4 Nh6 12. d3 e6 13. Bd2 Kb8 14. b4 Bxf3 15.
gxf3 Nf5 16. Nc2 Rc8 17. Qb3 Be7 18. Rfc1 g5 19. a4 Nh4 20. Ne1 Ng6 21. b5 Nxe5
22. f4 gxf4 23. Bxf4 Rhg8+ 24. Kf1 Bd6 25. Qd1 Rxc1 26. Rxc1 axb5 27. Bxe5 Bxe5
28. Qh5 f5 29. axb5 Qxb5 30. Qe2 Qd5 31. Nf3 Bxh2 32. Qd1 Bd6 33. Ke2 e5 34.
Qa4 e4 35. Nxd4 Bc5 36. Nc6+ bxc6 37. Rb1+ Kc7 38. Qa5+ Kd6 39. Rd1 Re8 40. Rd2
exd3+ 0-1

[Event "Mistrzostwa Polski Niewidomych"]
[Site "Jastrzebia Gora"]
[Date "2009.06.09"]
[Round "8.6"]
[White "Ruszczycki, Jacek"]
[Black "Kulpinski, Piotr"]
[Result "1-0"]
[WhiteElo "2043"]
[BlackElo "1954"]
[PlyCount "51"]
[EventDate "2009.??.??"]

1. e4 c5 2. f4 d6 3. Nf3 Bg4 4. Bc4 e6 5. O-O Nc6 6. c3 g6 7. h3 Bxf3 8. Qxf3
Bg7 9. f5 Ne5 10. Bb5+ Ke7 11. Qf2 c4 12. fxe6 f6 13. Na3 Qc7 14. Qd4 Rc8 15.
Qxa7 Qc5+ 16. Qxc5 Rxc5 17. b3 Kxe6 18. Bxc4+ Nxc4 19. Nxc4 Ne7 20. Ba3 Rc6 21.
Rf3 Ra8 22. Bb4 Bf8 23. Ne3 f5 24. exf5+ Nxf5 25. Nxf5 gxf5 26. Re1+ 1-0

[Event "Mistrzostwa Polski Niewidomych"]
[Site "Jastrzebia Gora"]
[Date "2009.06.10"]
[Round "9.1"]
[White "Kulpinski, Piotr"]
[Black "Suder, Ryszard"]
[Result "0-1"]
[WhiteElo "1954"]
[BlackElo "2175"]
[PlyCount "68"]
[EventDate "2009.??.??"]

1. d4 d6 2. c4 g6 3. Nf3 Bg7 4. Nc3 Nd7 5. e4 e5 6. Be2 Ne7 7. dxe5 dxe5 8. Be3
h6 9. b4 O-O 10. O-O f5 11. Qb3 f4 12. Bc1 Nc6 13. Bb2 a5 14. b5 Nd4 15. Nxd4
exd4 16. Na4 c5 17. bxc6 bxc6 18. c5+ Kh7 19. Rfd1 Qg5 20. f3 Nxc5 21. Nxc5
Qxc5 22. Rac1 Qa7 23. Qd3 c5 24. Ba3 c4 25. Rxc4 Ba6 26. Bxf8 Bxc4 27. Qxc4 d3+
28. Bc5 dxe2 29. Re1 Qc7 30. Rxe2 Rc8 31. Rc2 Qxc5+ 32. Qxc5 Rxc5 33. Rxc5 Bd4+
34. Kf1 Bxc5 0-1

[Event "Mistrzostwa Polski Niewidomych"]
[Site "Jastrzebia Gora"]
[Date "2009.06.10"]
[Round "9.2"]
[White "Dukaczewski, Piotr"]
[Black "Ruszczycki, Jacek"]
[Result "1-0"]
[WhiteElo "2347"]
[BlackElo "2043"]
[PlyCount "71"]
[EventDate "2009.??.??"]

1. Nf3 d5 2. g3 Bg4 3. Bg2 Qc8 4. Ne5 Be6 5. c4 Nf6 6. d4 Bh3 7. Bf3 c6 8. Nc3
e6 9. Bf4 Nbd7 10. Qb3 Nxe5 11. dxe5 Nd7 12. g4 Nc5 13. Qc2 h5 14. gxh5 d4 15.
Ne4 Nxe4 16. Bxe4 Bb4+ 17. Bd2 Bxd2+ 18. Qxd2 Rxh5 19. Rg1 Qc7 20. f4 g5 21.
Bf3 g4 22. Be4 O-O-O 23. O-O-O Qb6 24. Rg3 Qc5 25. b3 Rh6 26. e3 Qa3+ 27. Kb1
c5 28. exd4 Rxd4 29. Rd3 Rh8 30. Rxd4 cxd4 31. Qxd4 Kb8 32. c5 Qa5 33. Qd7 Qb4
34. Rd4 Qe1+ 35. Kb2 Qe2+ 36. Ka3 1-0

[Event "Mistrzostwa Polski Niewidomych"]
[Site "Jastrzebia Gora"]
[Date "2009.06.10"]
[Round "9.3"]
[White "Wolanski, Michal"]
[Black "Staruch, Roman"]
[Result "1-0"]
[WhiteElo "1944"]
[BlackElo "1991"]
[PlyCount "89"]
[EventDate "2009.??.??"]

1. c4 e6 2. Nc3 d5 3. d4 Nf6 4. Nf3 Be7 5. Bg5 O-O 6. g3 dxc4 7. Bg2 c6 8. Ne5
h6 9. Bxf6 Bxf6 10. e3 Bxe5 11. dxe5 Nd7 12. Qd6 Qa5 13. f4 Qb6 14. Qd2 Nc5 15.
O-O Rd8 16. Qe2 Qb4 17. Rfd1 Bd7 18. Rd4 b5 19. Rad1 Qa5 20. Qd2 Nd3 21. b3 Be8
22. Ne4 Qb6 23. bxc4 bxc4 24. Nd6 Qb2 25. Rxd3 Rab8 26. Qxb2 Rxb2 27. Nxc4 Rxd3
28. Rxd3 Rb1+ 29. Kf2 Kf8 30. Nd6 Rb2+ 31. Kf1 Bd7 32. Nc4 Rb1+ 33. Ke2 Ke7 34.
Ra3 Rc1 35. Kd3 Kd8 36. Rxa7 c5 37. Nd6 c4+ 38. Kd2 Rg1 39. Nxf7+ Ke7 40. Bc6
Kxf7 41. Rxd7+ Kg6 42. Be4+ Kh5 43. Rxg7 c3+ 44. Ke2 Rg2+ 45. Bxg2 1-0

[Event "Mistrzostwa Polski Niewidomych"]
[Site "Jastrzebia Gora"]
[Date "2009.06.10"]
[Round "9.4"]
[White "Lipski, Tadeusz"]
[Black "Gunajew, Rafal"]
[Result "0-1"]
[WhiteElo "2174"]
[BlackElo "2245"]
[PlyCount "144"]
[EventDate "2009.??.??"]

1. e4 c5 2. Nc3 d6 3. Nf3 Nf6 4. d4 cxd4 5. Nxd4 a6 6. g3 g6 7. Bg2 Bg7 8. O-O
O-O 9. h3 Bd7 10. Be3 Nc6 11. Nd5 Rc8 12. Nxc6 Bxc6 13. c3 Re8 14. Bb6 Qd7 15.
Bd4 e5 16. Nxf6+ Bxf6 17. Bb6 Bg7 18. Qd2 f5 19. Rad1 Bf8 20. Rfe1 Kh8 21. h4
fxe4 22. Qe3 Qe6 23. Kh2 Qxa2 24. Bh3 Ra8 25. Rd2 Qf7 26. Red1 d5 27. Kg1 Bg7
28. b4 Qf8 29. Qe1 Bh6 30. Ra2 Qf7 31. Ra5 Bg7 32. Raa1 Qf6 33. Be3 Qd8 34. Qd2
Qc7 35. Rac1 Ba4 36. Re1 Bb3 37. Bg4 Rad8 38. h5 Qf7 39. hxg6 hxg6 40. Kg2 Kg8
41. Rh1 d4 42. Bg5 Rd6 43. Rh2 Bd5 44. Kg1 Rc6 45. Qe1 Qc7 46. Bd2 Rf8 47. Bh3
Rf3 48. Bg2 dxc3 49. Be3 c2 50. Qd2 Be6 51. Bxf3 exf3 52. Rh1 e4 53. Bf4 Qd7
54. Rxc2 Rxc2 55. Qxc2 Qd4 56. Qd2 Qxd2 57. Bxd2 Bd5 58. Kh2 Bd4 59. Be3 Bxe3
60. fxe3 Kf7 61. Kg1 Bc6 62. Kf2 Ke6 63. Rc1 Kd6 64. Rc4 b6 65. Rc3 a5 66. bxa5
bxa5 67. Ke1 a4 68. Kf2 Kc7 69. g4 Kb6 70. g5 Kb5 71. Kg3 Bd5 72. Rc2 a3 0-1

[Event "Mistrzostwa Polski Niewidomych"]
[Site "Jastrzebia Gora"]
[Date "2009.06.10"]
[Round "9.5"]
[White "Falkowski, Dawid"]
[Black "Pawelec, Bartosz"]
[Result "0-1"]
[WhiteElo "2035"]
[BlackElo "2054"]
[PlyCount "48"]
[EventDate "2009.??.??"]

1. e4 g6 2. f4 d5 3. exd5 Qxd5 4. Nc3 Qd6 5. Nf3 Nc6 6. Bc4 Nh6 7. Ne4 Qd8 8.
d4 Bg7 9. c3 e6 10. O-O O-O 11. b4 a5 12. b5 Ne7 13. a4 b6 14. Ba3 Nhf5 15. Qe2
Nd6 16. Bb3 Nxe4 17. Qxe4 Rb8 18. Ne5 Bb7 19. Nxf7 Rxf7 20. Qxe6 Bd5 21. Bxd5
Qxd5 22. Rae1 Qxe6 23. Rxe6 Nd5 24. Rfe1 Nxc3 0-1

[Event "Mistrzostwa Polski Niewidomych"]
[Site "Jastrzebia Gora"]
[Date "2009.06.10"]
[Round "9.6"]
[White "Stachanczyk, Jacek"]
[Black "Zoltek, Tadeusz"]
[Result "1/2-1/2"]
[WhiteElo "2162"]
[BlackElo "2227"]
[PlyCount "55"]
[EventDate "2009.??.??"]

1. e4 e6 2. d4 d5 3. Nc3 Nf6 4. e5 Nfd7 5. f4 c5 6. Nf3 Nc6 7. Be3 cxd4 8. Nxd4
Bc5 9. Qd2 O-O 10. O-O-O a6 11. h4 Nxd4 12. Bxd4 b5 13. h5 b4 14. Ne2 a5 15.
Rh3 Ba6 16. f5 Bxe2 17. Bxe2 Bxd4 18. Qxd4 Qg5+ 19. Re3 Qxf5 20. h6 g6 21. Qh4
Rfc8 22. Bd3 Qh5 23. Qxh5 gxh5 24. Rg3+ Kh8 25. Rg7 Nxe5 26. Rxh7+ Kg8 27. Rg7+
Kh8 28. Rh7+ 1/2-1/2